000 00687nam a2200241 i 4500
001 C2-0277576
003 PPAK
005 20180728005555.0
008 070117s1998 nyua|||| ||||| | eng d
020 _a0679727922
040 _aPPAK
_beng
_cPPAK
_erda
082 0 4 _a782.14092
_223
090 0 0 _a782.14092
_bMCB
_dLCK
100 1 _aMcBrien, William,
_eauthor
245 1 0 _aCole Porter :
_bA biography
264 1 _aNew York :
_bVintage Books ,
_c1998
300 _axiii, 459 pages :
_billustrations ;
_c20 cm
336 _2rdacontent
_atext
337 _2rdamedia
_aunmediated
338 _2rdacarrier
_avolume
650 1 0 _aComposers - United States - Biograhy.
942 _ddc
_cB
999 _c84757
_d84757